<?xml version="1.0" encoding="UTF-8"?>
<marc:record xmlns:marc="http://www.loc.gov/MARC21/slim">
   <marc:leader>00000nam a2200000 a 4500</marc:leader>
   <marc:datafield ind1="1" ind2=" " tag="100">
      <marc:subfield code="a">Steffensmeier, Alexander</marc:subfield>
      <marc:subfield code="4">aut</marc:subfield>
      <marc:subfield code="e">Verfasser/-in</marc:subfield>
   </marc:datafield>
   <marc:datafield ind1=" " ind2=" " tag="653">
      <marc:subfield code="a">Tiere</marc:subfield>
   </marc:datafield>
   <marc:datafield ind1=" " ind2=" " tag="653">
      <marc:subfield code="a">Bauernhof</marc:subfield>
   </marc:datafield>
   <marc:datafield ind1=" " ind2=" " tag="653">
      <marc:subfield code="a">Klasse-2</marc:subfield>
   </marc:datafield>
   <marc:datafield ind1=" " ind2=" " tag="653">
      <marc:subfield code="a">Antolin</marc:subfield>
   </marc:datafield>
   <marc:datafield ind1=" " ind2=" " tag="653">
      <marc:subfield code="a">Bilderbuch</marc:subfield>
   </marc:datafield>
   <marc:datafield ind1=" " ind2=" " tag="653">
      <marc:subfield code="a">Erzählerische Bilderbücher</marc:subfield>
   </marc:datafield>
   <marc:datafield ind1="0" ind2="0" tag="245">
      <marc:subfield code="a">Lieselotte im Regen</marc:subfield>
   </marc:datafield>
   <marc:datafield ind1=" " ind2="1" tag="264">
      <marc:subfield code="b">Fischer Sauerländer</marc:subfield>
      <marc:subfield code="c">2024</marc:subfield>
   </marc:datafield>
   <marc:datafield ind1="1" ind2=" " tag="520">
      <marc:subfield code="a">Ein Regentag mit der Kuh Lieselotte - voller Komik und überhaupt nicht langweilig. Für alle kleinen und großen Lieselotte-Fans ab 4 Jahren  Das gibt es doch gar nicht! Lieselotte hat sich so auf die Schnitzeljagd auf dem Bauernhof gefreut. Jetzt regnet es Bindfäden und sie und ihre Freunde müssen sich drinnen langweilen. Oder? Lieselotte ist da anderer Meinung und eine turbulente Jagd durch das Bauernhaus beginnt. Aber es wäre kein echtes Lieselotte-Abenteuer, wenn sie alle nicht auch ihren Spaß beim Pfützenspringen hätten und am Ende pitschnass werden. Trocken gerubbelt und in flauschige Bademäntel eingemummelt, ist es in Lieselottes Stall nach so einem Regenabenteuer besonders gemütlich.</marc:subfield>
   </marc:datafield>
   <marc:datafield ind1=" " ind2=" " tag="020">
      <marc:subfield code="a">9783737373180</marc:subfield>
      <marc:subfield code="9">9783737373180</marc:subfield>
   </marc:datafield>
</marc:record>
